000 00495cam a22001814a 4500
005 20250605164253.0
008 250528s ||||||||||||||||||||||||d
035 _a21815
040 _aGR-AtMCL
_bgre
_dGR-AtMCL
_eAACR2
245 1 _aΕΙΔΙΚΑ ΘΕΜΑΤΑ ΣΥΓΧΡΟΝΗΣ ΔΙΔΑΚΤΙΚΗΣ
250 _a1
260 _bΑυτοεκδοση,
_c1995
300 _a205
700 1 _aΚονιαρης Θεοδωρος Β
_97730
942 _cBK
999 _c6874
_d6874